000 00423nam a2200121Ia 4500
008 220620s9999||||xx |||||||||||||| ||und||
100 _aDragostinova, Theodora K.
245 4 _aThe Cold War from the Margins
_bA Small Socialist State on the Global Cultural Scene
546 _aEnglish[eng]
650 _aCold War||History of Eastern Europe||International Relations
856 _uhttps://muse.jhu.edu/book/83355
942 _cEB
999 _c22799
_d22799